Direito público : (Record no. 373)

MARC details
000 -LÍDER
Campo Fixo de Controle 00767nam a2200265 a 4500
001 - NÚMERO DE CONTROLE
Campo de Controle 373
003 - IDENTIFICAÇÃO DO NÚMERO DE CONTROLE
Campo de Controle BR-CuiBMT
005 - DATA E HORA DA ÚLTIMA ATUALIZAÇÃO
Campo de Controle 20231106224616.0
008 - DADOS FIXOS
Dados Fixos 231101s2011 mgb 000 0 por d
020 ## - INTERNATIONAL STANDARD BOOK NUMBER
Nº do ISBN 978857700491
040 ## - AGÊNCIA CATALOGADORA
Código da Agência Catalogadora BR-CuiBMT
Agência que transcreveu o registro BR-CuiBMT
080 ## - Nº DA CLASSIFICAÇÃO DECIMAL UNIVERSAL
Nº Class. CDU 342
Nº edição CDU 2007
090 ## - NÚMERO DE CHAMADA
Nº classificação 342
Cutter C184d
100 1# - ENTRADA PRINCIPAL -- AUTOR PESSOAL
Nome pessoal Cammarosano, Márcio
245 0# - TÍTULO PRINCIPAL
Título principal Direito público :
Subtítulo estudos e pareceres /
Indicação de responsabilidade Márcio Cammarosano, Georges Louis Hage Humbert.
260 ## - PUBLICAÇÃO, DISTRIBUIÇÃO, ETC.
Local de publicação Belo Horizonte :
Editora Fórum,
Data 2011.
300 ## - DESCRIÇÃO FÍSICA
N. páginas ou volumes 187 p. :
Dimensões 22 cm
504 ## - NOTA DE BIBLIOGRAFIA, ETC.
Nota de bibliografia Inclui bibliografia.
650 ## - ASSUNTO TÓPICO
Cabeçalho tópico ou nome geográfico Direito público
650 ## - ASSUNTO TÓPICO
Cabeçalho tópico ou nome geográfico Direito Constitucional
650 ## - ASSUNTO TÓPICO
Cabeçalho tópico ou nome geográfico Direito administrativo
650 ## - ASSUNTO TÓPICO
Cabeçalho tópico ou nome geográfico Direito ambiental
700 ## - ENTRADA SECUNDÁRIA -- NOME PESSOAL
Nome pessoal Humbert, Georges Louis Hage
942 ## - ELEMENTOS DE ENTRADA ADICIONAIS (KOHA)
Fonte de classificação ou esquema de arquivamento Classificação Decimal Universal
Tipo de item do Koha Livros
Holdings
Estado: removido Estado: perdido Fonte de classificação ou esquema de arquivamento Estado: danificado Indisponível para empréstimo Localização permanente Localização atual Data de aquisição Total Checkouts Número de Chamada completo Código de barras Date last seen Número do exemplar Preço efetivo a partir de Tipo de item (Koha)
    Classificação Decimal Universal     Biblioteca da Escola Superior de Contas do TCE/MT Biblioteca da Escola Superior de Contas do TCE/MT 12/08/2019   342 C184d BIBTCEMT23110071 02/11/2023 Ex. 1 02/11/2023 Livros
    Classificação Decimal Universal     Biblioteca da Escola Superior de Contas do TCE/MT Biblioteca da Escola Superior de Contas do TCE/MT 12/08/2019   342 C184d BIBTCEMT23110184 06/11/2023 Ex. 2 06/11/2023 Livros

Powered by Koha